Network Security:Private Communication in a Public World (Record no. 61046)

MARC details
000 -LEADER
fixed length control field 00491nam a2200181Ia 4500
008 - FIXED-LENGTH DATA ELEMENTS--GENERAL INFORMATION
fixed length control field 230525s9999 xx 000 0 und d
020 ## - INTERNATIONAL STANDARD BOOK NUMBER
ISBN 978-93-325-7821-0
082 ## - DEWEY DECIMAL CLASSIFICATION NUMBER
Classification number 005.8
Item number KAU
100 ## - MAIN ENTRY--AUTHOR NAME
Personal name Charlie Kaufman
245 #0 - TITLE STATEMENT
Title Network Security:Private Communication in a Public World
250 ## - EDITION STATEMENT
Edition statement 2
260 ## - PUBLICATION, DISTRIBUTION, ETC. (IMPRINT)
Place of publication Noida
Name of publisher Pearson
Year of publication 2018
300 ## - PHYSICAL DESCRIPTION
Number of Pages xxxiv,638p;
500 ## - GENERAL NOTE
General note Quantity Number: 15
650 ## - SUBJECT ADDED ENTRY--TOPICAL TERM
Topical Term Computer science
700 ## - ADDED ENTRY--PERSONAL NAME
Personal name Radia Perlman,Mike Speciner
942 ## - ADDED ENTRY ELEMENTS (KOHA)
Koha item type Books
Holdings
Lost status Damaged status Permanent Location Current Location Shelving location Date acquired Full call number Accession Number Koha item type
    Central Library, Trident Academy of Technology Central Library, Trident Academy of Technology General Stacks 05/25/2023 005.8 KAU 58304 Books
    Central Library, Trident Academy of Technology Central Library, Trident Academy of Technology General Stacks 05/25/2023 005.8 KAU 58305 Books
    Central Library, Trident Academy of Technology Central Library, Trident Academy of Technology General Stacks 05/25/2023 005.8 KAU 58306 Books
    Central Library, Trident Academy of Technology Central Library, Trident Academy of Technology General Stacks 05/25/2023 005.8 KAU 58307 Books
    Central Library, Trident Academy of Technology Central Library, Trident Academy of Technology General Stacks 05/25/2023 005.8 KAU 58308 Books
    Central Library, Trident Academy of Technology Central Library, Trident Academy of Technology General Stacks 05/25/2023 005.8 KAU 58309 Books
    Central Library, Trident Academy of Technology Central Library, Trident Academy of Technology General Stacks 05/25/2023 005.8 KAU 58310 Books
    Central Library, Trident Academy of Technology Central Library, Trident Academy of Technology General Stacks 05/25/2023 005.8 KAU 58311 Books
    Central Library, Trident Academy of Technology Central Library, Trident Academy of Technology General Stacks 05/25/2023 005.8 KAU 58312 Books
    Central Library, Trident Academy of Technology Central Library, Trident Academy of Technology General Stacks 05/25/2023 005.8 KAU 58313 Books
    Central Library, Trident Academy of Technology Central Library, Trident Academy of Technology General Stacks 05/25/2023 005.8 KAU 58314 Books
    Central Library, Trident Academy of Technology Central Library, Trident Academy of Technology General Stacks 05/25/2023 005.8 KAU 58315 Books
    Central Library, Trident Academy of Technology Central Library, Trident Academy of Technology General Stacks 05/25/2023 005.8 KAU 58316 Books
    Central Library, Trident Academy of Technology Central Library, Trident Academy of Technology General Stacks 05/25/2023 005.8 KAU 58317 Books
    Central Library, Trident Academy of Technology Central Library, Trident Academy of Technology General Stacks 05/25/2023 005.8 KAU 58318 Books
Trident Academy of Technology © 2023.
All rights reserved.                                                                                                                                                                                                        Designed by Team of Central Library .

Powered by Koha